[Event "MK Cafe Cup-B"]
[Site "Koszalin"]
[Date "1999.08.08"]
[Round "6"]
[White "Dimitrov, Vladimir"]
[Black "Yevseev, Denis"]
[Result "1/2-1/2"]
[WhiteElo "2464"]
[BlackElo "2539"]
[Annotator "Black d4 - Semi-Slav Anti-Moscow 5"]
[PlyCount "106"]
[EventDate "1999.08.03"]
[EventType "swiss"]
[EventRounds "10"]
[EventCountry "POL"]
[Source "ChessBase"]
[SourceDate "1999.11.16"]
[WhiteTeamCountry "CRO"]
[BlackTeamCountry "NOR"]

1. d4 d5 2. Nf3 c6 3. c4 Nf6 4. Nc3 e6 5. Bg5 h6 6. Bh4 dxc4 7. e4 g5 8. Bg3 b5
9. Be2 Bb7 10. Ne5 Nbd7 11. h4 Nxe5 12. hxg5 Nfd7 13. dxe5 Qxg5 14. Kf1 h5 15.
Rh3 h4 16. f4 Qxg3 17. Rxg3 hxg3 18. Bh5 O-O-O 19. Qf3 f6 20. Rd1 fxe5 21. Bf7
b4 22. Bxe6 bxc3 23. Rxd7 Rxd7 24. Qxc3 Rhh7 25. Qxe5 Ba6 26. Ke2 Kb7 27. Bxd7
Rxd7 28. Qe8 c3+ 29. Ke1 Kc7 30. Qe5+ Bd6 31. Qa5+ Kb7 32. bxc3 Bxf4 33. Qf5
Bd2+ 34. Kd1 Rd8 35. Kc2 Be3 36. Kb3 Bd3 37. c4 Bb6 38. Qe6 Be2 39. e5 Bc7 40.
Qe7 Bf1 41. Qb4+ Kc8 42. Qe1 Bd3 43. Qxg3 Bf5 44. Qf2 Rd3+ 45. Kb4 Bd7 46. Qxa7
Bxe5 47. Qa6+ Kd8 48. Qa5+ Bc7 49. Qa8+ Ke7 50. Qh8 Rg3 51. Qh4+ Ke8 52. Qh8+
Ke7 53. Qh7+ Ke8 1/2-1/2

[Event "RUS-ch 56th"]
[Site "Krasnoyarsk"]
[Date "2003.09.10"]
[Round "7"]
[White "Bocharov, Dmitry"]
[Black "Sveshnikov, Evgeny"]
[Result "1-0"]
[WhiteElo "2526"]
[BlackElo "2561"]
[Annotator "Black d4 - Semi-Slav Anti-Moscow 6"]
[PlyCount "75"]
[EventDate "2003.09.03"]
[EventType "swiss"]
[EventRounds "9"]
[EventCountry "RUS"]
[Source "ChessBase"]
[SourceDate "2004.02.03"]
[WhiteTeamCountry "CRO"]
[BlackTeamCountry "NOR"]

1. d4 d5 2. c4 e6 3. Nf3 Nf6 4. Nc3 c6 5. Bg5 h6 6. Bh4 dxc4 7. e4 g5 8. Bg3 b5
9. Be2 Bb7 10. h4 g4 11. Ne5 h5 12. O-O Nbd7 13. Qc2 Be7 14. Rad1 Qb6 15. b3
cxb3 16. Qxb3 Rd8 17. d5 Nc5 18. Qb2 cxd5 19. Bxb5+ Kf8 20. exd5 exd5 21. a4 a6
22. a5 Qxa5 23. Bc6 d4 24. Ne2 d3 25. Nf4 Rb8 26. Nfxd3 Kg7 27. Nxc5 Bxc6 28.
Qc1 Qxc5 29. Qg5+ Kh7 30. Rc1 Qd5 31. Nxc6 Rbg8 32. Qf4 Ba3 33. Qxf6 Bxc1 34.
Ne7 Qc4 35. Rd1 Bh6 36. Rd5 Rf8 37. Qf5+ Kg7 38. Be5+ 1-0

[Event "ESP-chT1"]
[Site "Mondariz Balneario"]
[Date "2002.09.10"]
[Round "2"]
[White "Conquest, Stuart"]
[Black "Korneev, Oleg"]
[Result "1/2-1/2"]
[WhiteElo "2542"]
[BlackElo "2583"]
[Annotator "Black d4 - Semi-Slav Marshall Gambit 1"]
[PlyCount "60"]
[EventDate "2002.09.04"]
[EventType "team"]
[EventRounds "6"]
[EventCountry "ESP"]
[Source "ChessBase"]
[SourceDate "2002.11.07"]
[WhiteTeamCountry "CRO"]
[BlackTeamCountry "NOR"]

1. d4 d5 2. c4 e6 3. Nc3 c6 4. e4 dxe4 5. Nxe4 Bb4+ 6. Bd2 Qxd4 7. Bxb4 Qxe4+
8. Ne2 Na6 9. Bf8 Ne7 10. Bxg7 Nb4 11. Bxh8 e5 12. Rc1 Nd3+ 13. Kd2 Bf5 14. f3
Qh4 15. g4 O-O-O 16. Kc3 Bg6 17. Ng3 Nxc1 18. Qxc1 Rxh8 19. Qe3 Qf6 20. g5 Qd6
21. Bh3+ Kc7 22. Re1 Rd8 23. Bf1 e4 24. fxe4 Qe5+ 25. Kc2 c5 26. h4 h5 27. gxh6
Nc6 28. Kc1 Nd4 29. Bd3 Re8 30. h5 Bh7 1/2-1/2

[Event "SWE-chT 0203"]
[Site "Sweden"]
[Date "2003.03.01"]
[Round "8"]
[White "Andersson, Ulf"]
[Black "Popov, Valerij"]
[Result "1/2-1/2"]
[WhiteElo "2594"]
[BlackElo "2579"]
[Annotator "Black d4 - QGD Exchange/Symmetric 5"]
[PlyCount "91"]
[EventDate "2002.10.11"]
[EventType "team"]
[EventRounds "9"]
[EventCountry "SWE"]
[Source "ChessBase"]
[SourceDate "2003.11.25"]
[WhiteTeamCountry "GER"]
[BlackTeamCountry "GER"]

1. Nf3 d5 2. d4 Nf6 3. c4 e6 4. Nc3 c6 5. cxd5 exd5 6. Qc2 g6 7. Bg5 Be7 8. e3
Bf5 9. Bd3 Bxd3 10. Qxd3 O-O 11. O-O Nbd7 12. Rab1 a5 13. a3 Re8 14. Qc2 Nb6
15. Nd2 Ng4 16. Bxe7 Qxe7 17. h3 Nh6 18. Rfe1 Nf5 19. Nf3 Nd6 20. Na4 Nxa4 21.
Qxa4 Nc4 22. Qc2 Qc7 23. Nd2 Nd6 24. a4 Re7 25. b4 axb4 26. Rxb4 Ree8 27. Reb1
Ra7 28. Qb3 Re7 29. Qd1 Ne4 30. Nxe4 Rxe4 31. Qc2 Re8 32. Qb3 Re7 33. Rb6 Qd8
34. Qb4 Rd7 35. a5 Qf8 36. Qc3 Qa8 37. Ra1 Rc7 38. Ra2 Rc8 39. Qb4 Kg7 40. Rb2
Rc7 41. Qd6 Qc8 42. Ra2 Ra8 43. Qb4 Qd7 44. Qc3 Qc8 45. Qc5 Ra7 46. Qd6 1/2-1/2

[Event "Fan Adams Int f-A"]
[Site "New York"]
[Date "1999.06.27"]
[Round "4"]
[White "Sokolin, Leonid M"]
[Black "Kacheishvili, Giorgi"]
[Result "0-1"]
[WhiteElo "2515"]
[BlackElo "2570"]
[Annotator "Black d4 - Catalan 1"]
[PlyCount "66"]
[EventDate "1999.06.??"]
[EventType "schev"]
[EventRounds "4"]
[EventCountry "USA"]
[EventCategory "10"]
[Source "ChessBase"]
[SourceDate "1999.11.16"]
[WhiteTeamCountry "GER"]
[BlackTeamCountry "GER"]

1. d4 Nf6 2. c4 e6 3. Nf3 d5 4. Nc3 Bb4 5. g3 dxc4 6. Bg2 Nc6 7. O-O Rb8 8. Qc2
O-O 9. Rd1 b5 10. d5 exd5 11. Nxd5 h6 12. e4 Bd6 13. Be3 Bd7 14. a3 Re8 15. Nh4
Ng4 16. h3 Nxe3 17. Nxe3 Ne5 18. Nhf5 Bf8 19. f4 Nd3 20. b3 Bxf5 21. Nxf5 Qf6
22. Rab1 g6 23. Nh4 Nxf4 24. bxc4 Nxg2 25. Nxg2 Bd6 26. cxb5 Bxg3 27. Ne3 Qb6
28. Rb3 Bf4 29. Qf2 Rxe4 30. Nd5 Bh2+ 31. Kg2 Qxf2+ 32. Kxf2 Kg7 33. Rc1 Rb7
0-1

[Event "EU-chT (Men)"]
[Site "Pula"]
[Date "1997.??.??"]
[Round "8"]
[White "Haba, Petr"]
[Black "Dizdarevic, Emir"]
[Result "0-1"]
[WhiteElo "2520"]
[BlackElo "2540"]
[Annotator "Black d4 - Catalan 2"]
[PlyCount "118"]
[EventDate "1997.05.05"]
[EventType "team"]
[EventRounds "9"]
[EventCountry "CRO"]
[Source "ChessBase"]
[SourceDate "2004.01.01"]
[WhiteTeamCountry "GER"]
[BlackTeamCountry "GER"]

1. d4 Nf6 2. c4 e6 3. g3 Bb4+ 4. Nd2 d5 5. Ngf3 Nc6 6. Qc2 dxc4 7. Qxc4 Qd5 8.
Qxd5 exd5 9. Bg2 Ne4 10. a3 Nxd2 11. Bxd2 Bd6 12. Bf4 Bxf4 13. gxf4 Ne7 14. e3
c6 15. Ne5 Bf5 16. Kd2 Nc8 17. b3 Nd6 18. f3 f6 19. Nd3 Bxd3 20. Kxd3 f5 21.
Rhc1 Kf7 22. Ke2 Rhe8 23. Kf2 Re6 24. Bf1 Rg8 25. h4 Rh6 26. Kg3 Re8 27. Re1
Ree6 28. Bd3 Rh5 29. a4 Rg6+ 30. Kf2 Rxh4 31. Rh1 Rgh6 32. Rxh4 Rxh4 33. Kg3
Rh6 34. b4 Re6 35. Kf2 Re8 36. Re1 Ke6 37. Rh1 Rh8 38. b5 Kd7 39. Rc1 g6 40.
Rc5 Rc8 41. bxc6+ bxc6 42. Ra5 Ra8 43. Rc5 Rb8 44. Ra5 Rb7 45. Ba6 Rb4 46. Be2
Nc8 47. e4 dxe4 48. fxe4 Rxd4 49. exf5 Rxf4+ 50. Kg3 g5 51. Bg4 Kc7 52. Re5 Nd6
53. Bh3 h5 54. a5 h4+ 55. Kh2 g4 56. Bg2 Nxf5 57. Re6 h3 58. Rxc6+ Kd7 59. Ra6
Rf2 0-1

[Event "Rubinstein mem 32nd"]
[Site "Polanica Zdroj"]
[Date "1995.??.??"]
[Round "11"]
[White "Wojtkiewicz, Aleksander"]
[Black "Huebner, Robert"]
[Result "1/2-1/2"]
[WhiteElo "2570"]
[BlackElo "2630"]
[Annotator "Black d4 - Catalan 5"]
[PlyCount "36"]
[EventDate "1995.08.??"]
[EventType "tourn"]
[EventRounds "11"]
[EventCountry "POL"]
[EventCategory "14"]
[Source "ChessBase"]
[SourceDate "2004.01.01"]
[WhiteTeamCountry "GER"]
[BlackTeamCountry "GER"]

1. Nf3 d5 2. d4 Nf6 3. c4 e6 4. g3 Bb4+ 5. Bd2 Be7 6. Bg2 O-O 7. O-O c6 8. Qc2
b6 9. Bf4 Bb7 10. Nbd2 Nh5 11. Be3 Nd7 12. Rac1 Rc8 13. Rfd1 f5 14. Nb1 f4 15.
Bd2 Bd6 16. cxd5 cxd5 17. Qa4 a6 18. Rxc8 Bxc8 1/2-1/2

[Event "World University-ch 6th"]
[Site "Golden Sands"]
[Date "2000.09.02"]
[Round "2"]
[White "Abbasifar, Hasan"]
[Black "Filippov, Valerij"]
[Result "0-1"]
[WhiteElo "2375"]
[BlackElo "2593"]
[Annotator "Black d4 - Queen's Pawn Game 1 (Blackmar-Diem"]
[PlyCount "90"]
[EventDate "2000.09.01"]
[EventType "team"]
[EventRounds "9"]
[EventCountry "BUL"]
[Source "ChessBase"]
[SourceDate "2000.09.14"]
[WhiteTeamCountry "GER"]
[BlackTeamCountry "GER"]

1. d4 Nf6 2. f3 d5 3. e4 dxe4 4. Nc3 c6 5. Bc4 Bf5 6. g4 Bg6 7. g5 b5 8. Bb3 b4
9. gxf6 bxc3 10. fxg7 Bxg7 11. bxc3 e5 12. Be3 O-O 13. Qd2 exd4 14. cxd4 c5 15.
Rd1 cxd4 16. Bxd4 Bxd4 17. Qxd4 Qg5 18. Bd5 Nc6 19. Qf2 Nb4 20. Bxa8 Rxa8 21.
f4 Qb5 22. Ne2 Nxc2+ 23. Kf1 Qh5 24. Rc1 e3 25. Qg3 Rd8 26. Rxc2 Rd1+ 27. Kg2
Qd5+ 28. Kh3 Rxh1 29. Rb2 Rf1 30. Qh4 h5 31. Qg5 Qxg5 32. fxg5 Rf2 33. Rb8+ Kg7
34. Nd4 Rxa2 35. Re8 Ra4 36. Ne2 Rg4 37. Rxe3 Rxg5 38. Ra3 a5 39. Ng3 f6 40.
Ra1 Bf7 41. Kh4 Rg4+ 42. Kh3 Be6 43. Rf1 Kg6 44. Rf2 h4 45. Ne2 Rg3+ 0-1

[Event "Dresden op"]
[Site "Dresden"]
[Date "1994.??.??"]
[Round "?"]
[White "Schoellmann, Jochen"]
[Black "Uhlmann, Wolfgang"]
[Result "0-1"]
[WhiteElo "2345"]
[BlackElo "2465"]
[Annotator "Black d4 - Queen's Pawn Game 3 (Veresov)"]
[PlyCount "64"]
[EventDate "1994.07.??"]
[EventType "swiss"]
[EventRounds "9"]
[EventCountry "GER"]
[Source "ChessBase"]
[SourceDate "2004.01.01"]
[WhiteTeamCountry "GER"]
[BlackTeamCountry "GER"]

1. d4 Nf6 2. Nc3 d5 3. Bg5 Nbd7 4. f3 h6 5. Bh4 c6 6. Qd2 e5 7. dxe5 Nxe5 8. e4
Nxe4 9. fxe4 Qxh4+ 10. g3 Qg5 11. exd5 Bc5 12. Qxg5 hxg5 13. O-O-O Bxg1 14.
Rxg1 Rxh2 15. Re1 f6 16. dxc6 bxc6 17. Bg2 Bb7 18. Ne4 O-O-O 19. Nxg5 c5 20.
Bxb7+ Kxb7 21. Ne4 Kc6 22. Re3 Nc4 23. Rc3 Rd4 24. b3 Rxe4 25. bxc4 f5 26. Rd1
Rhe2 27. Rd5 Rxc4 28. Rxc4 Kxd5 29. Rf4 g6 30. g4 Re4 31. Rf3 Rxg4 32. Re3 Rg1+
0-1

[Event "Bundesliga 0102"]
[Site "Germany"]
[Date "2001.11.25"]
[Round "4.3"]
[White "Hodgson, Julian M"]
[Black "Schandorff, Lars"]
[Result "0-1"]
[WhiteElo "2581"]
[BlackElo "2551"]
[Annotator "Black d4 - Queen's Pawn Game 4 (Trompowsky)"]
[PlyCount "112"]
[EventDate "2001.10.06"]
[EventType "team"]
[EventRounds "15"]
[EventCountry "GER"]
[Source "ChessBase"]
[SourceDate "2002.03.21"]
[WhiteTeam "Luebecker SV"]
[BlackTeam "Werder Bremen"]
[WhiteTeamCountry "GER"]
[BlackTeamCountry "GER"]

1. d4 d5 2. Bg5 h6 3. Bh4 c6 4. Nf3 Qb6 5. Qc1 g5 6. Bg3 g4 7. Ne5 Qxd4 8. c4
Bg7 9. e3 Qc5 10. Nd2 Nd7 11. Nd3 Qb6 12. a4 Nc5 13. cxd5 Nxd3+ 14. Bxd3 cxd5
15. Bb5+ Kf8 16. O-O a6 17. e4 Be6 18. exd5 Bxd5 19. Bc4 Rc8 20. Bxd5 Rxc1 21.
Raxc1 Bxb2 22. Rc8+ Kg7 23. Nc4 Qb4 24. Rb1 Nf6 25. Rxh8 Kxh8 26. Bxf7 Kg7 27.
Be6 Qxa4 28. Nxb2 Qc2 29. Ba2 a5 30. Be5 a4 31. Rd1 a3 32. Bb1 Qe2 33. Bc3 axb2
34. Re1 Qc4 35. Bxb2 Kf7 36. Bf5 b5 37. h3 gxh3 38. Bxh3 Ne4 39. Bf5 Nd6 40.
Bh7 Qb4 41. Re2 Nc4 42. Bh8 Qd6 43. Bc2 Qb8 44. Bd4 Qd6 45. Bh8 Kg8 46. Bc3 Qa3
47. Be1 Kf7 48. Be4 e6 49. Bf3 b4 50. Bg4 e5 51. f4 Qa1 52. Bf3 b3 53. Bd5+ Kg7
54. Kh2 Qd4 55. Be4 exf4 56. Bf2 Ne3 0-1

[Event "Bundesliga 0102"]
[Site "Germany"]
[Date "2001.11.24"]
[Round "3.5"]
[White "Timman, Jan H"]
[Black "Fressinet, Laurent"]
[Result "1/2-1/2"]
[WhiteElo "2597"]
[BlackElo "2606"]
[Annotator "Black d4 - Queen's Pawn Game 5 (Torre)"]
[PlyCount "55"]
[EventDate "2001.10.06"]
[EventType "team"]
[EventRounds "15"]
[EventCountry "GER"]
[Source "ChessBase"]
[SourceDate "2002.03.21"]
[WhiteTeam "Porz"]
[BlackTeam "Solingen"]
[WhiteTeamCountry "GER"]
[BlackTeamCountry "GER"]

1. d4 d5 2. Nf3 Nf6 3. Bg5 Ne4 4. Bh4 c5 5. dxc5 Nc6 6. e3 g6 7. Nbd2 Nxc5 8.
Nb3 Bg7 9. c3 Ne4 10. Bd3 Bg4 11. O-O Qb6 12. h3 Bxf3 13. Qxf3 Ne5 14. Qe2 Nxd3
15. Qxd3 e6 16. Rad1 Nd6 17. Qe2 Rc8 18. Nd4 a6 19. Kh1 O-O 20. Be7 Rfe8 21.
Bxd6 Qxd6 22. e4 Red8 23. Nf3 Qc5 24. Kg1 b5 25. a3 a5 26. exd5 Rxd5 27. Rxd5
exd5 28. Rd1 1/2-1/2

[Event "Aalborg op"]
[Site "Aalborg"]
[Date "1993.??.??"]
[Round "4"]
[White "Christensen, Tobias"]
[Black "Yakovich, Yuri"]
[Result "1-0"]
[WhiteElo "2380"]
[BlackElo "2510"]
[Annotator "Black d4 - Queen's Pawn Game 6 (Colle)"]
[PlyCount "81"]
[EventDate "1993.??.??"]
[EventType "swiss"]
[EventRounds "9"]
[EventCountry "DEN"]
[Source "ChessBase"]
[SourceDate "1998.11.10"]
[WhiteTeamCountry "GER"]
[BlackTeamCountry "GER"]

1. g3 e5 2. c4 Nf6 3. Nc3 d5 4. cxd5 Nxd5 5. Bg2 Nb6 6. d3 Be7 7. Nf3 Nc6 8.
O-O O-O 9. b3 Be6 10. Qc2 Nd4 11. Qb2 Nxf3+ 12. Bxf3 c6 13. Ne4 f5 14. Qxe5 Bd5
15. Bb2 Rf7 16. Bh5 Rf6 17. Nd2 Qf8 18. Qc3 f4 19. Ne4 Re6 20. Bg4 Rg6 21. Bh5
Bb4 22. Qc1 Rh6 23. Bf3 Bd6 24. Qc3 Bc7 25. Kg2 Re8 26. Rad1 Qe7 27. Rfe1 Qd7
28. g4 Be5 29. Qc1 Bxb2 30. Qxb2 Qe7 31. h3 Nd7 32. Qd4 Ne5 33. Nd2 Qh4 34. Rh1
Nxg4 35. Bxd5+ cxd5 36. Nf3 Ne3+ 37. fxe3 Qg3+ 38. Kf1 fxe3 39. Qxd5+ Kh8 40.
Rh2 Rxh3 41. Qd7 1-0

[Event "IND-ch"]
[Site "Mumbai"]
[Date "2003.01.18"]
[Round "1"]
[White "Kunte, Abhijit"]
[Black "Ganguly, Surya Shekhar"]
[Result "1/2-1/2"]
[WhiteElo "2507"]
[BlackElo "2556"]
[Annotator "Black Other White Moves 4 (Nimzovitch)"]
[PlyCount "59"]
[EventDate "2003.01.18"]
[EventType "tourn"]
[EventRounds "21"]
[EventCountry "IND"]
[EventCategory "8"]
[Source "ChessBase"]
[SourceDate "2003.05.26"]
[WhiteTeamCountry "GER"]
[BlackTeamCountry "GER"]

1. Nf3 d5 2. b3 Bg4 3. Bb2 e6 4. e3 Nf6 5. Be2 Nbd7 6. c4 c6 7. O-O Bd6 8. cxd5
exd5 9. d3 O-O 10. Nbd2 Qe7 11. h3 Bh5 12. Re1 Ne5 13. Qc2 Nxf3+ 14. Nxf3 Ba3
15. Nd4 Bxb2 16. Qxb2 Bxe2 17. Rxe2 Rfe8 18. Rc1 a5 19. a3 Nd7 20. Nf5 Qf6 21.
Qxf6 Nxf6 22. Rb2 g6 23. Nd4 Nd7 24. Kf1 Ra6 25. g4 Rb6 26. Ne2 Kg7 27. d4 Ra6
28. Nf4 Nb6 29. Nd3 Re7 30. Rcb1 1/2-1/2

[Event "EU-ch 4th"]
[Site "Istanbul"]
[Date "2003.06.08"]
[Round "9"]
[White "Anastasian, Ashot"]
[Black "Gurevich, Mikhail"]
[Result "0-1"]
[WhiteElo "2561"]
[BlackElo "2635"]
[Annotator "Black Other White Moves 5 (King's Indian Reve"]
[PlyCount "52"]
[EventDate "2003.05.30"]
[EventType "swiss"]
[EventRounds "13"]
[EventCountry "TUR"]
[Source "ChessBase"]
[SourceDate "2003.09.25"]
[WhiteTeamCountry "GER"]
[BlackTeamCountry "GER"]

1. Nf3 d5 2. g3 Bg4 3. Bg2 e6 4. O-O Nd7 5. h3 Bh5 6. d3 Bd6 7. Nbd2 Ne7 8. e4
c6 9. d4 O-O 10. c3 a5 11. Re1 Qb6 12. c4 Bxf3 13. Nxf3 dxc4 14. Qc2 e5 15. Be3
Qa6 16. Red1 Rfd8 17. a4 b5 18. Kh2 Ng6 19. dxe5 Ndxe5 20. Nd4 Bc5 21. axb5
cxb5 22. b4 Bxb4 23. f4 Nd3 24. e5 Rac8 25. e6 fxe6 26. Be4 Bc5 0-1